00521nam a2200145Ia 4500008004100000020001800041082002100059100003800080245006200118260004500180300000900225942001200234999001900246952011000265210430s9999 xx 000 0 und d a0-8412-3670-4 a660.2804 A3165 H aEdited by Robert J.Alamio9127213 aHandbook of Chemical Health and Safety /cRobert J.Alamio aAmericabAmerican Chemical Societyc2001 a652p cBK2ddc c562275d562275 001040708NFICaSCMEbSCMEcGENd0007-06-11l0o660.2804 A3165 HpSCME-1138r2021-04-30w2021-04-30yBK